00826nam a2200205 i 450000100060000000300090000600500170001500700030003200800410003510000400007624501670011625000150028326000330029830000400033170000420037170000360041385200320044999900170048195201220049860830ES-MaACL20230906164320.0t|031107s1970 sp ||||1| spa d1 aEstrade Camúñez, José.94824014aLas micosis o fungosis en Medicina y Veterinaria / cJosé Estrade Camúñez ; fotografías, Servando Estrade Camúñez ; dibujos de Fernando Estrade Pando. a[1ª ed.]. aBarcelona : bJims, c[1970] aXXIII, 395 p., 55 lám. ; c26 cm.1 aEstrade Camúñez, Servando.9482411 aEstrade Pando, Fernando.948242 aES-MaACLjC-37307 bR.75387 c60830d60830 00104070aATENEOMbATENEOMcDEPO2d2008-01-17eSCl0oC-37307p1063793r2023-02-23 00:00:00w2023-02-23yMONOGRAFIA